000 01132nam a22002297a 4500
003 BD-DhJNU
005 20260217062759.0
008 260217b |||||||| |||| 00| 0 eng d
020 _a9789849793250
040 _aBD-DhJNU
_bBEN
_cBD-DhJNU
_dBD-DhJNU
082 _223
_a104
100 _aরাসেল, বার্ট্রান্ড
242 _aPhilosophical essays /
_cBertrand Russell ‍and Aminul Islam Bhuiyan (Translator)
245 _aদার্শনিক প্রবন্ধাবলি /
_cবার্ট্রান্ড রাসেল এবং আমিনুল ইসলাম ভুইয়া (অনুবাদক)
260 _aঢাকা :
_bপ্রথমা,
_c2024.
300 _a১৮৪ পৃ. :
_bচিত্র ;
_c২১ সেমি.।
504 _aগ্রন্থপঞ্জিগত নির্দেশিকা ও নিঘন্ট অন্তভূক্ত
650 _aদর্শন - বাংলা
650 _aPhilosophy - Bengali
700 _aভুইয়া, আমিনুল ইসলাম
_eঅনুবাদক
942 _2ddc
_cBK
_n0
999 _c2619
_d2619